UM Logo

How was your day? Convergence of aggregated momentary and retrospective end-of-day affects ratings across the adult life span / (Record no. 20530)

MARC details
000 -LEADER
fixed length control field 01078nam a22002297a 4500
005 - DATE AND TIME OF LATEST TRANSACTION
control field 20250829185308.0
008 - FIXED-LENGTH DATA ELEMENTS--GENERAL INFORMATION
fixed length control field 240816b ||||| |||| 00| 0 eng d
082 ## - DEWEY DECIMAL CLASSIFICATION NUMBER
Classification number DPer 155.205 J826 July-September 2020 v. 119 n. 1-3
100 ## - MAIN ENTRY--PERSONAL NAME
Personal name Neubauer, Andreas B.
Relator term author.
9 (RLIN) 57980
245 ## - TITLE STATEMENT
Title How was your day? Convergence of aggregated momentary and retrospective end-of-day affects ratings across the adult life span /
Statement of responsibility, etc. Andreas B. Neubauer, Stacey B. Scott, Martin J. Sliwinski, and Joshua M. Smyth.
260 ## - PUBLICATION, DISTRIBUTION, ETC. (IMPRINT)
Place of publication, distribution, etc. Washington ;
Name of publisher, distributor, etc. American Psychological Association ,
Date of publication, distribution, etc. July 2020.
300 ## - PHYSICAL DESCRIPTION
Extent Volume 119, pages 185-203 :
Other physical details illustration ;
Dimensions 27 cm.
500 ## - GENERAL NOTE
General note Journal of Personality and Social Psychology , vol. 119, no. 1, pages 185-203, July 2020.
650 ## - SUBJECT ADDED ENTRY--TOPICAL TERM
Topical term or geographic name as entry element Individuality.
9 (RLIN) 19964
650 ## - SUBJECT ADDED ENTRY--TOPICAL TERM
Topical term or geographic name as entry element Personality.
9 (RLIN) 60659
650 ## - SUBJECT ADDED ENTRY--TOPICAL TERM
Topical term or geographic name as entry element Diaries.
9 (RLIN) 60660
700 ## - ADDED ENTRY--PERSONAL NAME
Personal name Neubauer, Andreas B.
Relator term author.
9 (RLIN) 57980
700 ## - ADDED ENTRY--PERSONAL NAME
Personal name Scott, Stacey B.
Relator term author.
9 (RLIN) 57981
700 ## - ADDED ENTRY--PERSONAL NAME
Personal name Sliwinski, Martin J.
Relator term author.
9 (RLIN) 57982
700 ## - ADDED ENTRY--PERSONAL NAME
Personal name Smyth, Joshua M.
Relator term author.
9 (RLIN) 57983
942 ## - ADDED ENTRY ELEMENTS (KOHA)
Source of classification or shelving scheme Dewey Decimal Classification
Koha item type Periodicals
Holdings
Withdrawn status Lost status Source of classification or shelving scheme Damaged status Not for loan Home library Current library Date acquired Total Checkouts Full call number Date last seen Price effective from Koha item type Public note
    Dewey Decimal Classification     UM Digos College - LIC UM Digos College - LIC 08/16/2024   DPer 155.205 J826 July-September 2020 v. 119 n. 1-3 08/16/2024 08/16/2024 Periodicals Periodical Article